Normal view
MARC view
- Khurmi,R.S
Entry Personal Name
001 - CONTROL NUMBER
- control field: 750
003 - CONTROL NUMBER IDENTIFIER
- control field: OSt
005 - DATE AND TIME OF LATEST TRANSACTION
- control field: 20160702151449.0
008 - FIXED-LENGTH DATA ELEMENTS
- fixed length control field: 160702|| aca||aabn | a|a d
040 ## - CATALOGING SOURCE
- Original cataloging agency: OSt
- Transcribing agency: OSt
100 ## - HEADING--PERSONAL NAME
- Personal name: Khurmi,R.S
670 ## - SOURCE DATA FOUND
- Source citation: Work cat.: (OSt)14293: Khurmi,R.S Gupta,J.K, Mechanical Engineering (Conventional and Objective Type), 2014
